Thực trạng khai thác tài nguyên du lịch biển đảo tỉnh Bình Thuận
Na minha lista:
| Autor principal: | |
|---|---|
| Formato: | Livro |
| Idioma: | Undetermined |
| Assuntos: | |
| Acesso em linha: | http://lrc.tdmu.edu.vn/opac/search/detail.asp?aID=2&ID=26544 |
| Tags: |
Adicionar Tag
Sem tags, seja o primeiro a adicionar uma tag!
|
| Thư viện lưu trữ: | Trung tâm Học liệu Trường Đại học Thủ Dầu Một |
|---|
| LEADER | 00619nam a2200145Ia 4500 | ||
|---|---|---|---|
| 001 | TDMU_26544 | ||
| 008 | 210410s9999 xx 000 0 und d | ||
| 082 | |a 152 | ||
| 100 | |a La, Nữ Ánh Vân | ||
| 245 | 0 | |a Thực trạng khai thác tài nguyên du lịch biển đảo tỉnh Bình Thuận | |
| 245 | 0 | |c La Nữ Ánh Vân | |
| 300 | |a Tr.79-86 | ||
| 650 | |a Địa lý địa chất; Tài nguyên biển; Thực trạng khai thác; Bình Thuận | ||
| 856 | |u http://lrc.tdmu.edu.vn/opac/search/detail.asp?aID=2&ID=26544 | ||
| 980 | |a Trung tâm Học liệu Trường Đại học Thủ Dầu Một | ||